|
|
|
|
| LEADER |
00000nam a22000007a 4500 |
| 005 |
20190909220425.0 |
| 007 |
cr|||| |||| |
| 008 |
190909s2019 sv |||||s|||| 00||0 spa d |
| 035 |
|
|
|a 24836
|
| 040 |
|
|
|a vLex
|
| 090 |
|
|
|c 9432
|d 9432
|
| 100 |
1 |
|
|a Padilla y Velasco, Ren ̌Alfonso
|
| 245 |
1 |
0 |
|a Comentarios al Cd̤igo Procesal Civil y Mercantil
|h [Recurso electrn̤ico] /
|c Ren ̌Alfonso Padilla y Velasco
|
| 256 |
|
|
|a Servicio en ln̕ea
|
| 260 |
|
|
|a San Salvador:
|b Editorial vLex,
|c 2019
|
| 300 |
|
|
|a 1 recurso electrn̤ico
|
| 506 |
1 |
|
|a Disponible solo en los productos indicados
|d vLex Global
|d vLex Global (Academic Edition, excluding Law Schools)
|d vLex Global (U.S. Academic Edition, Law Schools)
|d vLex Global (U.S. Academic Edition, excluding Law Schools)
|d vLex Global (Academic Edition, Law Schools)
|
| 650 |
0 |
4 |
|a Procedimiento Civil
|z El Salvador
|
| 740 |
0 |
|
|a vLex Libros (Servicio en ln̕ea)
|
| 856 |
4 |
0 |
|u http://vlex.com/source/comentarios-codigo-procesal-civil-mercantil-24836
|z Acceso restringido
|
| 942 |
|
|
|c BOOK
|
| 999 |
0 |
|
|a Civil Procedure
|